| 000 | 01046nam a22003377a 4500 | ||
|---|---|---|---|
| 003 | CHAP | ||
| 005 | 20220817041846.0 | ||
| 008 | 971013s1979 r 00010 d | ||
| 010 | _a26788 | ||
| 011 | _a27760 | ||
| 035 | _a31861 | ||
| 040 | _cCHAP | ||
| 090 | _aFolleto 6318 | ||
| 110 |
_aInstituto Mexicano de Comercio Exterior _959249 |
||
| 245 | _aNuez pecanera en Estados Unidos | ||
| 260 |
_a(s.l.) : _bEl Instituto, _c1979 |
||
| 300 | _as.p. | ||
| 490 |
_aInforme de mercado _v; 224 |
||
| 590 |
_aBATCH-UPD _b10 _c20130110 _lUCH01 _h0237 |
||
| 590 |
_aBATCH-UPD _b10 _c20130110 _lUCH01 _h1950 |
||
| 590 |
_aBATCH-UPD _b10 _c20130409 _lUCH01 _h2303 |
||
| 590 |
_aBATCH-UPD _b10 _c20130410 _lUCH01 _h1312 |
||
| 590 |
_aBATCH-UPD _b10 _c20130914 _lUCH01 _h1639 |
||
| 590 |
_aCONVERSION _b10 _c20130109 _lUCH01 _h1315 |
||
| 650 | 0 | 4 |
_aMéxico _xComercio _zE.U.A. |
| 650 | 1 | 4 |
_aPecán _xMercadeo. _986496 |
| 830 | 0 |
_aInforme de mercado _v; 224 _958126 |
|
| 901 | _aBK | ||
| 942 | _cFOLL | ||
| 949 |
_aFolleto 6318 _bBC _cFOLL _d-73688 _eTS1 _i31861 _mD _si |
||
| 999 |
_c26788 _d26788 |
||